000 00388nam a2200157Ia 4500
005 20250423101313.0
008 250422s9999 xx 000 0 und d
020 _a9780618233199
050 _aPE 1101 .L58/
245 4 _aThe language of literature ; Georgia edition
260 _aEvanston, Ill
260 _bMcDougal Littell
260 _c2003
650 _aLiterature
942 _cBK
999 _c35910
_d35910